Normale Ansicht MARC-Ansicht ISBD

Ostbelgien & die Deutschsprachige Gemeinschaft Belgiens (Titelsatznr. 80203)

[ MARC ]
MARC-Details
000 -Satzkennung
Kontrollfeld mit fester Länge 01155cam a22003252 4500
001 - Kontrollnummer
Kontrollfeld 1621438481
003 - Kontrollnummer Identifier
Kontrollfeld DE-627
005 - Datum und Zeit der letzten Transaktion
Kontrollfeld 20201130095746.0
007 - Feld mit fester Länge zur physischen Beschreibung - Allgemeine Information
Kontrollfeld mit fester Länge tu
008 - Feld mit fester Länge zur physischen Beschreibung - Allgemeine Angaben
Kontrollfeld mit fester Länge 161103s2006 be ||||| 00| ||und c
020 ## - Internationale Standardbuchnummer
Internationale Standardbuchnummer 905433214X
035 ## - Systemkontrollnummer
System-Kontrollnummer (DE-627)1621438481
035 ## - Systemkontrollnummer
System-Kontrollnummer (DE-576)479140383
035 ## - Systemkontrollnummer
System-Kontrollnummer (DE-599)BSZ479140383
040 ## - Katalogisierungsquelle
Original-Katalogisierungsstelle DE-627
Katalogisierungssprache ger
Übertragungsstelle DE-627
Beschreibungsfestlegungen rakwb
Bearbeitungsstelle StAFF
044 ## - Ländercode der veröffentlichenden/herstellenden Stelle
ISO-Ländercode XA-BE
245 10 - Titel
Titel Ostbelgien & die Deutschsprachige Gemeinschaft Belgiens
Zusatz zum Titel Bilder, Spuren, Hintergründe
Verfasserangabe etc. Ulrike Schwieren-Höger ; Jörn Sackermann
264 #1 - Produktion, Veröffentlichung, Distribution, Herstellung und Urheberrechtsvermerk
Herstellungs-, Veröffentlichungs- Vertriebs-, Erzeugungsort Eupen
Produzent, Herausgeber, Distributor, Hersteller GEV
Datum der Herstellung, der Veröffentlichung, des Vertriebs oder des Urheberschutzvermerks 2006
300 ## - Physische Beschreibung
Umfang 240 S.
Andere physische Details zahlr. Ill.
336 ## - Inhaltstyp
Inhaltstypterm Text
Inhaltstypcode txt
Quelle rdacontent
337 ## - Medientyp
Bezeichnung des Medientyps ohne Hilfsmittel zu benutzen
Medientypcode n
Quelle rdamedia
338 ## - Datenträgertyp
Datenträgertypbezeichnung Band
Datenträgertypcode nc
Quelle rdacarrier
951 ## - EQUIVALENCE OR CROSS-REFERENCE--GEOGRAPHIC NAME/AREA NAME [OBSOLETE] [CAN/MARC only]
Geografischer Name BO
700 1# - Nebeneintragung - Personenname
Personenname Schwieren-Höger, Ulrike
IDN des Normdatensatzes oder Standardnummer (DE-627)1258239361
-- (DE-576)188239367
Code für Beziehungskennzeichnung oth
700 1# - Nebeneintragung - Personenname
Personenname Sackermann, Jörn
Code für Beziehungskennzeichnung oth
856 42 - Elektronische Adresse und Zugriff
URL <a href="http://deposit.dnb.de/cgi-bin/dokserv?id=2773100&prov=M&dok_var=1&dok_ext=htm">http://deposit.dnb.de/cgi-bin/dokserv?id=2773100&prov=M&dok_var=1&dok_ext=htm</a>
Kontaktstelle für Hilfe beim Zugriff X:MVB
Elektronisches Format text/html
Spezifische Materialangaben Inhaltstext
856 42 - Elektronische Adresse und Zugriff
URL <a href="http://d-nb.info/978439120/04">http://d-nb.info/978439120/04</a>
Kontaktstelle für Hilfe beim Zugriff V:DE-605
Elektronisches Format application/pdf
Spezifische Materialangaben Inhaltsverzeichnis
942 ## - Zusätzliche Felder (Koha)
Klassifikation oder Aufstellungssystematik Andere/Generische Klassifikation
Koha-Medientyp Bücher
Exemplare
Ausgeschieden Verloren Klassifikation oder Aufstellungssystematik Beschädigt Nicht entleihbar Heimatbibliothek Aufenthaltsbibliothek Aufstellungsort Erwerbungsdatum Kodierter Standort-Qualifier Anzahl Ausleihen Signatur Letzte Aktivität Exemplarnummer Preis gültig von Koha-Medientyp
    Andere/Generische Klassifikation     Stadtarchiv Frankfurt (Oder) | Archivbibliothek Stadtarchiv Frankfurt (Oder) | Archivbibliothek Magazin 30/11/2020 M   II: 4969 30/11/2020 178/2020 30/11/2020 Bücher